All Polish Premier League Players Ever - Statistics

General Stats
  • This quiz has been taken 47 times
  • The average score is 13 of 23
Answer Stats
Position Clubs Years Player % Correct
GK Arsenal, Swansea, West Ham 2007-11, 2012-25 Lukasz Fabianski
98%
DEF Arsenal 2022-present Jakub Kiwior
93%
DEF Aston Villa 2020-present Matty Cash
93%
DEF Southampton, Aston Villa 2017-23, 2024-25 Jan Bednarek
91%
GK Southampton, Bournemouth 2012-14, 2015-17, 2018-19 Artur Boruc
89%
GK Arsenal 2010-15 Wojciech Szczesny
89%
GK Liverpool 2001-07 Jerzy Dudek
87%
GK West Brom, Manchester United 2004-11 Tomasz Kuszczak
73%
MID/ATT Hull City, West Brom 2016-17, 2020-21 Kamil Grosicki
71%
MID Leeds 2020-23 Mateusz Klich
71%
MID Brighton 2020-22, 2023-25 Jakub Moder
64%
MID West Brom 2017-18 Grzegorz Krychowiak
62%
DEF Leicester 2014-17 Marcin Wasilewski
62%
GK Leicester 2024-25 Jakub Stolarczyk
51%
MID Norwich 2021-22 Przemyslaw Placheta
49%
ATT Spurs, Bolton 2005-06, 2007-08 Grzegorz Rasiak
42%
ATT Portsmouth 2005-06 Emmanuel Olisadebe
29%
ATT Bolton 2008-09 Ebi Smolarek
27%
MID/ATT Everton 1992-94 Robert Warzycha
13%
DEF Bolton 2005-06 Jaroslaw Fojut
11%
DEF Aston Villa, Sunderland 1993-94, 1996-97 Dariusz Kubicki
7%
MID Birmingham 2002-03 Piotr Swierczewski
7%
MID Coventry 1993-94 Zbigniew Kruszynski
2%
No matching quizzes found
Score Distribution
Percent of People with Each Score
Percentile by Number Answered
Your Score History
You have not taken this quiz